Statistics for Countries with 'w' s

Click here to take the quiz!

General Stats

  • This quiz has been taken 50 times
  • The average score is 8 of 12

Answer Stats

Answer% Correct
Switzerland
88%
Eswatini
81%
Sweden
81%
Rwanda
79%
New Zealand
74%
Malawi
70%
Botswana
67%
Zimbabwe
67%
Norway
58%
Papua New Guinea
56%
Kuwait
53%
Taiwan
35%

Score Distribution

Percentile by Number Answered

Percent of People with Each Score

Your Score History

You have not taken this quiz